Sinh lí học thực vật

保存先:
書誌詳細
第一著者: Vũ Văn Vụ
フォーマット: 図書
言語:Undetermined
出版事項: Hà Nội Giáo Dục 1998
主題:
タグ: タグ追加
タグなし, このレコードへの初めてのタグを付けませんか!
Thư viện lưu trữ: Trung tâm Học liệu Trường Đại học Cần Thơ
LEADER 00479nam a2200169Ia 4500
001 CTU_31107
008 210402s9999 xx 000 0 und d
082 |a 571.2 
082 |b V500/1998 
100 |a Vũ Văn Vụ 
245 0 |a Sinh lí học thực vật 
245 0 |c Vũ Văn Vụ, Hoàng Minh Tấn 
260 |a Hà Nội 
260 |b Giáo Dục 
260 |c 1998 
650 |a plant physiology 
980 |a Trung tâm Học liệu Trường Đại học Cần Thơ